Business Law (Record no. 91496)

MARC details
000 -LEADER
fixed length control field 00363nam a2200157Ia 4500
008 - FIXED-LENGTH DATA ELEMENTS--GENERAL INFORMATION
fixed length control field 230125s9999 xx 000 0 und d
041 ## - LANGUAGE CODE
Language code of text/sound track or separate title eng
082 ## - DEWEY DECIMAL CLASSIFICATION NUMBER
Classification number 346.065
Item number KUL
100 ## - MAIN ENTRY--PERSONAL NAME
Personal name Kulkarni V
245 ## - TITLE STATEMENT
Title Business Law
260 ## - PUBLICATION, DISTRIBUTION, ETC. (IMPRINT)
Date of publication, distribution, etc. 1998
Name of publisher, distributor, etc. Pragati publications
300 ## - PHYSICAL DESCRIPTION
Extent 132p
500 ## - GENERAL NOTE
Keywords Business law
700 ## - ADDED ENTRY--PERSONAL NAME
Personal name Kulkarni V
Holdings
Withdrawn status Lost status Damaged status Not for loan Home library Current library Date acquired Vendor Cost, normal purchase price Full call number Barcode Date last seen Cost, replacement price Bill Date Koha item type Original Barcode
Withdrawn       Smt. Hiraben Nanavati Institute of Management & Research for Women Smt. Hiraben Nanavati Institute of Management & Research for Women 16/12/1999 Satya Gilani 25.00 346.065 KUL DB0237 HIMR-DB-237 25/01/2023 25.00 12/01/2000 Donated Book DB0237